Memoria sobre las negociaciones entre España y los Estados-Unidos de América que dieron motivo al Tratado de 1819 con una noticia sobre la estadistica de aquel pais (Record no. 161018)

MARC details
000 -LEADER
campo de control de longitud fija 01447nam a2200253 i 4500
001 - NÚMERO DE CONTROL
campo de control 161018
003 - IDENTIFICADOR DE NÚMERO DE CONTROL
campo de control ES-MaACL
005 - FECHA Y HORA DE LA ÚLTIMA TRANSACCIÓN
campo de control 20230906212157.0
008 - DATOS DE LONGITUD FIJA--INFORMACIÓN GENERAL
campo de control de longitud fija 981014s1820 sp |||| | spa d
040 ## - FUENTE DE CATALOGACIÓN
Centro catalogador/agencia de origen CCPB | B
Lengua de catalogación spa
Centro/agencia transcriptor CCPB | B
100 1# - ENTRADA PRINCIPAL--NOMBRE DE PERSONA
Nombre de persona Onís, Luis de.
9 (RLIN) 87090
245 10 - MENCIÓN DEL TÍTULO
Título Memoria sobre las negociaciones entre España y los Estados-Unidos de América que dieron motivo al Tratado de 1819 con una noticia sobre la estadistica de aquel pais
Resto del título : acompaña un apéndice que contiene documentos importantes ... /
Mención de responsabilidad, etc. [por D. Luis de Onis ... ; [primara parte-segunda].
260 ## - PUBLICACIÓN, DISTRIBUCIÓN, ETC.
Lugar de publicación, distribución, etc. Madrid :
Nombre del editor, distribuidor, etc. [s.n.],
Fecha de publicación, distribución, etc. 1820 (
Fabricante Imprenta de D. M. de Burgos)
300 ## - DESCRIPCIÓN FÍSICA
Extensión 2 v. ([2], VII, 108, [2], 70 p., [1] de map. pleg. ; 213 p.) ;
Dimensiones 26 cm.
530 ## - NOTA DISPONIBLE DE FORMULARIO FÍSICO ADICIONAL
Nota de formato físico adicional disponible Disponible en formato digital.
597 ## - NOTA DE DESCRIPCIÓN FÍSICA
NOTA DE DESCRIPCIÓN FÍSICA Antep.
597 ## - NOTA DE DESCRIPCIÓN FÍSICA
NOTA DE DESCRIPCIÓN FÍSICA Sign.: *4, a-n4, o², p²?¹, a-h4, i4?¹ ; [A]-B4, C4?¹, D-Z4, 2A-2D4.
599 ## - NOTA A LAS ILUSTRACIONES
NOTA A LAS ILUSTRACIONES La h. de mapa es un gragado calcográfico: "Carte de L'Amérique Septentrionale par A. J. C. Brué Géographe de S. A. R. Monsieur á Paris. Janvier 1820". "Gravée sous la direction de l'Auteur"
651 #4 - PUNTO DE ACCESO ADICIONAL DE MATERIA--NOMBRE GEOGRÁFICO
Nombre geográfico España-
Subdivisión general Relaciones-
Subdivisión geográfica Estados Unidos
9 (RLIN) 8462
651 #4 - PUNTO DE ACCESO ADICIONAL DE MATERIA--NOMBRE GEOGRÁFICO
Nombre geográfico Florida-
Subdivisión general Historia-
Subdivisión cronológica 1819, Cesión a los Estados Unidos.
9 (RLIN) 168240
852 ## - LOCALIZACIÓN
Ubicación ES-MaACL
Número de control de estantería B-4769-70
Nota libre -- Enc. piel con hierros dorados
856 ## - LOCALIZACIÓN Y ACCESO ELECTRÓNICOS
Identificador Uniforme de Recursos <a href="http://bdh-rd.bne.es/viewer.vm?id=0000043506&page=1 ">http://bdh-rd.bne.es/viewer.vm?id=0000043506&page=1 </a>
Nota pública Biblioteca Digital Hispánica
Holdings
Estatus retirado Estado de pérdida Estado de daño No para préstamo Colección Biblioteca de origen Biblioteca actual Ubicación en estantería Fecha de adquisición Total de préstamos Signatura topográfica completa Código de barras Visto por última vez Precio de reemplazo Tipo de ítem Koha
        Colección digital Biblioteca del Ateneo de Madrid Biblioteca del Ateneo de Madrid Sala Pardo Bazán 17/01/2008   B-4769-70 1168635 23/02/2023 23/02/2023 Libro impreso antiguo